Engineering Drawing (Record no. 137277)

000 -LEADER
fixed length control field 00280nam a2200109Ia 4500
008 - FIXED-LENGTH DATA ELEMENTS--GENERAL INFORMATION
fixed length control field 220120s9999||||xx |||||||||||||| ||und||
100 ## - MAIN ENTRY--PERSONAL NAME
Personal name Bhatt N.D and Panchal V.M
245 #0 - TITLE STATEMENT
Title Engineering Drawing
260 ## - PUBLICATION, DISTRIBUTION, ETC.
Place of publication, distribution, etc. Charotar publishing house
300 ## - PHYSICAL DESCRIPTION
Other physical details 545
650 ## - SUBJECT ADDED ENTRY--TOPICAL TERM
Topical term or geographic name entry element GENERAL BOOKS
Holdings
Withdrawn status Lost status Damaged status Not for loan Collection code Home library Current library Date acquired Barcode Date last seen Price effective from Koha item type
        Mechanical Engineering Central Library Central Library 01/20/2022 GF1136 01/20/2022 01/20/2022 Gift Books

Powered by Koha